[Event "Baden-ch U16/18 Girls"]
[Site "Karlsruhe"]
[Date "2007.01.05"]
[Round "7"]
[White "Schuler, Vanessa"]
[Black "Kohm, Vanessa"]
[Result "0-1"]
[WhiteElo "693"]
[BlackElo "1533"]
[PlyCount "56"]
[EventDate "2007.01.02"]
[EventType "tourn"]
[EventRounds "7"]
[EventCountry "GER"]
[SourceTitle "EXT 2008"]
[Source "ChessBase"]
[SourceDate "2007.11.25"]
[SourceVersion "1"]
[SourceVersionDate "2007.11.25"]
[SourceQuality "1"]

1. e4 e6 2. d4 d5 3. e5 c5 4. Nf3 Nc6 5. c3 Qb6 6. Be3 Qxb2 7. Nbd2 Qxc3 8. Be2 cxd4 9. Rc1 Qb2 10. Bf4 Qxa2 11. 0-0 Nge7 12. Rc2 Qa5 13. Nb3 Qd8 14. Bb5 a6 15. Bd3 Ng6 16. Bd2 Ngxe5 17. Ng5 Nxd3 18. Qf3 Nce5 19. Qe2 Be7 20. Nxf7 Nxf7 21. Qxd3 e5 22. Qg3 0-0 23. Bc1 Bh4 24. Qd3 Ng5 25. g3 Nf3+ 26. Kg2 Qd7 27. Rd1 Qh3+ 28. Kh1 Qxh2# 0-1

[Event "Baden-ch U16/18 Girls"]
[Site "Karlsruhe"]
[Date "2007.01.03"]
[Round "2"]
[White "Schuler, Vanessa"]
[Black "Steinbach, Nina"]
[Result "0-1"]
[WhiteElo "693"]
[BlackElo "1236"]
[PlyCount "58"]
[EventDate "2007.01.02"]
[EventType "tourn"]
[EventRounds "7"]
[EventCountry "GER"]
[SourceTitle "EXT 2008"]
[Source "ChessBase"]
[SourceDate "2007.11.25"]
[SourceVersion "1"]
[SourceVersionDate "2007.11.25"]
[SourceQuality "1"]

1. e4 e5 2. Nf3 Nc6 3. Nc3 Nf6 4. d4 exd4 5. Nxd4 Bb4 6. a3 Ba5 7. Bd2 Nxd4 8. Bg5 Nc6 9. Bb5 Qe7 10. 0-0 Qe5 11. Bxf6 Qxf6 12. Nd5 Qxb2 13. Be2 Qd4 14. Bd3 Ne5 15. Rb1 Nxd3 16. cxd3 c6 17. Nf4 Qe5 18. Qg4 d5 19. Qe2 Qxf4 20. exd5+ Kf8 21. Rfe1 Bxe1 22. Rxe1 g6 23. g3 Qf6 24. Qe4 Bd7 25. Qb4+ Kg7 26. d6 Rhe8 27. Re4 Rxe4 28. dxe4 Bh3 29. Qc3 Qxc3 0-1

[Event "Baden ch-U14/20 Girls"]
[Site "Karlsruhe"]
[Date "2006.01.05"]
[Round "5.6"]
[White "Schultis, Julia"]
[Black "Schuler, Vanessa"]
[Result "1-0"]
[WhiteElo "1432"]
[BlackElo "758"]
[PlyCount "101"]
[EventDate "2006.01.02"]
[EventType "swiss"]
[EventRounds "7"]
[EventCountry "GER"]
[SourceTitle "EXT 2007"]
[Source "ChessBase"]
[SourceDate "2006.11.23"]
[SourceVersion "1"]
[SourceVersionDate "2006.11.23"]
[SourceQuality "1"]

1. c4 e5 2. g3 Nc6 3. Bg2 d6 4. Nc3 Nf6 5. e4 Be7 6. Nge2 Be6 7. d3 0-0 8. 0-0 Nb4 9. a3 Na6 10. Be3 Bg4 11. h3 Bd7 12. Kh2 c6 13. b4 Be6 14. f4 Rb8 15. Bxa7 Ra8 16. Be3 d5 17. fxe5 Nd7 18. cxd5 cxd5 19. exd5 Bg5 20. Bxg5 Qxg5 21. dxe6 fxe6 22. Bxb7 Ra7 23. Bxa6 Rxa6 24. d4 Rf5 25. Rxf5 Qxf5 26. b5 Rb6 27. a4 Qf2+ 28. Kh1 Qf3+ 29. Kg1 Qe3+ 30. Kf1 Qf3+ 31. Ke1 Qh1+ 32. Kd2 Qxh3 33. a5 Qh6+ 34. Kc2 Qg6+ 35. Qd3 Qxd3+ 36. Kxd3 Rb8 37. a6 Nb6 38. Nf4 Kf7 39. Ke4 g6 40. d5 g5 41. dxe6+ Ke7 42. Nfd5+ Nxd5 43. Kxd5 Kd8 44. a7 Ra8 45. b6 Rc8 46. b7 Rc7 47. b8Q+ Rc8 48. Qxc8+ Kxc8 49. a8Q+ Kc7 50. Ra6 g4 51. Nb5# 1-0

[Event "Baden ch-U14/20 Girls"]
[Site "Karlsruhe"]
[Date "2006.01.02"]
[Round "1.5"]
[White "Asal, Sandra"]
[Black "Schuler, Vanessa"]
[Result "1-0"]
[WhiteElo "1232"]
[BlackElo "758"]
[PlyCount "63"]
[EventDate "2006.01.02"]
[EventType "swiss"]
[EventRounds "7"]
[EventCountry "GER"]
[SourceTitle "EXT 2007"]
[Source "ChessBase"]
[SourceDate "2006.11.23"]
[SourceVersion "1"]
[SourceVersionDate "2006.11.23"]
[SourceQuality "1"]

1. c4 e5 2. g3 Nf6 3. Bg2 Bb4 4. a3 Bc5 5. e3 d6 6. b4 Bg4 7. f3 Bf5 8. bxc5 dxc5 9. Ne2 0-0 10. Bb2 Nc6 11. 0-0 Na5 12. Bxe5 Nxc4 13. Bxf6 Qxf6 14. Nbc3 Bd3 15. Rf2 Rad8 16. Nf4 h6 17. Qb3 Na5 18. Qd1 c4 19. Nxd3 Rxd3 20. Ne4 Qg6 21. Nc5 Rd5 22. d4 Qb6 23. f4 Nb3 24. Nxb3 cxb3 25. Bxd5 b2 26. Rb1 Rd8 27. Rfxb2 Qg6 28. Bxb7 Qg4 29. Qxg4 Rd6 30. Be4 a5 31. Rb8+ Rd8 32. Rxd8# 1-0

[Event "GER-chT U14 Girls"]
[Site "Dittrichshuette"]
[Date "2005.12.29"]
[Round "5.3"]
[White "Schuler, Vanessa"]
[Black "Zacherl, Viktoria"]
[Result "1/2-1/2"]
[WhiteElo "758"]
[BlackElo "860"]
[PlyCount "26"]
[EventDate "2005.12.27"]
[EventType "team-swiss"]
[EventRounds "6"]
[EventCountry "GER"]
[SourceTitle "CBM 110 Extra"]
[Source "ChessBase"]
[SourceDate "2006.03.10"]
[SourceVersion "2"]
[SourceVersionDate "2006.03.10"]
[SourceQuality "1"]
[WhiteTeam "Untergrombach U14 Girls"]
[BlackTeam "Vaterstetten SC U14 Girls"]
[WhiteTeamCountry "GER"]
[BlackTeamCountry "GER"]

1. e4 e5 2. Nf3 Nc6 3. c3 Nf6 4. d4 Nxe4 5. Qe2 d5 6. c4 exd4 7. Qc2 Nb4 8. Qe2 Bc5 9. Ne5 0-0 10. a3 Re8 11. Bf4 Qf6 12. Qf3 Nc2+ 13. Kd1 Nxa1 1/2-1/2

[Event "GER-chT U14 Girls"]
[Site "Dittrichshuette"]
[Date "2005.12.27"]
[Round "2.3"]
[White "Schuler, Vanessa"]
[Black "Wichtmann, Barbara"]
[Result "0-1"]
[WhiteElo "758"]
[BlackElo "1050"]
[PlyCount "96"]
[EventDate "2005.12.27"]
[EventType "team-swiss"]
[EventRounds "6"]
[EventCountry "GER"]
[SourceTitle "CBM 110 Extra"]
[Source "ChessBase"]
[SourceDate "2006.03.10"]
[SourceVersion "2"]
[SourceVersionDate "2006.03.10"]
[SourceQuality "1"]
[WhiteTeam "Untergrombach U14 Girls"]
[BlackTeam "Duesseldorf SF 75 U14 Girls"]
[WhiteTeamCountry "GER"]
[BlackTeamCountry "GER"]

1. e4 e5 2. Nf3 Nc6 3. d4 exd4 4. Nxd4 Nf6 5. Nc3 Bb4 6. Bd2 Nxd4 7. e5 Qe7 8. Be3 Nxc2+ 9. Qxc2 Qxe5 10. Bd3 d5 11. 0-0 d4 12. Bxd4 Qxd4 13. Nb5 Qf4 14. Nxc7+ Kd8 15. Nxa8 Bd6 16. g3 Qf3 17. Be2 Qd5 18. Rac1 Bh3 19. f3 Qe5 20. Rfe1 Qd4+ 21. Kh1 Qe5 22. Bf1 Qh5 23. Bxh3 Qxh3 24. f4 Nd5 25. Qg2 Qxg2+ 26. Kxg2 Kd7 27. a4 Rxa8 28. Kf3 Nb4 29. Rc4 Nd3 30. Ree4 Nxb2 31. Red4 Nxc4 32. Rxc4 a6 33. a5 Bc7 34. Rd4+ Kc6 35. Re4 Bxa5 36. Re7 Rf8 37. h4 b5 38. g4 b4 39. Ke2 b3 40. g5 b2 41. g6 hxg6 42. f5 gxf5 43. h5 b1Q 44. Kf3 Qf1+ 45. Ke3 Qe1+ 46. Kd4 Qxe7 47. Kc4 Qe5 48. h6 gxh6 0-1